History Quiz

Random History or German Quiz
Score 0/18 Timer 10:00
0 Plays Today
Years in office Name % Correct
17 December 2013 - 7 July 2019Ursula von der Leyen
81.8%
17 July 2019 - IncumbentAnnegret Kramp-Karrenbauer
81.8%
16 October 1956 - 9 January 1963Franz Josef Strauß
72.7%
28 October 2009 - 3 March 2011Karl-Theodor zu Guttenberg
72.7%
3 March 2011 - 17 December 2013Thomas de Maizière
63.6%
7 June 1955 - 16 October 1956Theodor Blank
54.5%
22 October 1969 - 7 July 1972Helmut Schmidt
54.5%
22 November 2005 - 28 October 2009Franz Josef Jung
54.5%
4 October 1982 - 18 May 1988Manfred Wörner
45.5%
Years in office Name % Correct
27 October 1998 - 19 July 2002Rudolf Scharping
45.5%
19 July 2002 - 22 November 2005Peter Struck
45.5%
1 December 1966 - 21 October 1969Gerhard Schröder
36.4%
7 July 1972 - 16 February 1978Georg Leber
36.4%
18 May 1988 - 21 April 1989 Rupert Scholz
36.4%
21 April 1989 - 31 March 1992Gerhard Stoltenberg
36.4%
9 January 1963 - 1 December 1966 Kai-Uwe von Hassel
27.3%
17 February 1978 - 1 October 1982Hans Apel
27.3%
1 April 1992 - 26 October 1998Volker Rühe
27.3%

You're not logged in!

Compare scores with friends on all Sporcle quizzes.
OR
Log In

Sporcle TV

Today on Sporcle TV


Watch our educational content, quiz creation guides, and fun videos on Sporcle TV.

Show Comments

Extras

Created Jul 17, 2019ReportNominate
Tags:German Quiz, 1955, office, Party

Top Quizzes Today


Score Distribution

Paid Content

Your Account Isn't Verified!

In order to create a playlist on Sporcle, you need to verify the email address you used during registration. Go to your Sporcle Settings to finish the process.

Report this User

Report this user for behavior that violates our Community Guidelines.

Details: